000 00278nam a22001217a 4500
999 _c534101
_d534101
040 _cMSOHAIL
082 _a891.4392
100 _aMustansar Hussain Tarar
_99703
245 _aKalash / کالاش
260 _aLahore
_bSang-e-Meel
_cc2008
300 _a352;p
942 _2ddc
_cBK